Minecraft - Quelques nombres... - Statistiques

Statistiques générales
  • Ce quiz a été pris 35 fois
  • Le résultat moyen est 4 sur 9
Statistiques - réponses
Théories Nombre % Correct
Combien de minerais différents dans toutes les dimensions ? 11
80%
Le niveau maximum sans triche de l'enchantement "Tranchant" 5
70%
Et dans l'overworld ? 8
65%
Le nombre de tête de withersquelette pour invoquer le wither 3
45%
Le nombre d'œil de l'ender qu'il faut maximum pour ouvrir un portail de l'ender 12
40%
L'année de la sortie de Minecraft 2011
25%
Le nombre d'XP minimum pour avoir l'enchantement le plus efficace en utilisant la table d'enchantement 30
25%
Le nombre de blocs pour aller du spon à la bordure 5 000 000
5%
Combien de cœur a un warden ? 40
0%
Aucun quiz correspondant
Distribution des résultats
% des personnes avec chaque résultat
Percentile par nombre de réponses
Votre historique - résultats
Vous n’avez pas pris ce quiz